000 00366 a2200133 4500
040 _aDLC
082 _a808.803
110 _aNational Language Authority
245 _aConcise dictionary of official technical terms
260 _aIslamabad:
_bMuqtadara Qomi Zuban,
_c1984.
300 _a163 p. ;
_c24 cm.
650 _aTechnical Writing.
942 _cBK
_k808.803 CON
_2ddc
999 _c5309
_d5309